| 000 | 00919nam a22002177a 4500 | ||
|---|---|---|---|
| 999 |
_c4113 _d4113 |
||
| 003 | AR-CdUCM | ||
| 008 | 190307b ||||| |||| 00| 0 spa d | ||
| 020 | _a8425410533 | ||
| 040 |
_aMUNICIPALIDAD PROVINCIAL DEL CUSCO _cBIBLIOTECA MUNICIPAL DEL CUSCO |
||
| 082 |
_a233 / _bP23 |
||
| 100 |
_aPannenberg, Wolfhart _913037 |
||
| 245 |
_aEl hombre como problema : _bhacia una antropología teológica / |
||
| 260 |
_aBarcelona : _bHerder, _c1976. |
||
| 300 |
_a201 páginas ; _c19.5 cm. |
||
| 505 | _aContenido: Apertura al mundo y apertura a Dios -- Superar la existencia con fantasía -- ¿Seguridad en vez de confianza? -- Esperanza más allá de la muerte -- Destino del hombre y el yo personal ... | ||
| 650 |
_aAntropología teológica _913038 |
||
| 650 |
_aAntropología filosófica - Estudio y enseñanza. _913039 |
||
| 700 |
_aJimeno, Rufino (Traductor) _913040 |
||
| 942 |
_2ddc _cLIBROS |
||
| 945 | _alccs | ||